[Event "Reykjavik op"]
[Site "Reykjavik"]
[Date "2016.03.08"]
[Round "1"]
[White "Riccardi, Thomas H"]
[Black "Halldorsson, Haukur"]
[Result "1-0"]
[WhiteElo "2135"]
[BlackElo "1570"]
[PlyCount "57"]
[EventDate "2016.03.08"]
[EventType "swiss"]
[EventRounds "10"]
[EventCountry "ISL"]
[SourceTitle "CBM 171 Extra"]
[Source "ChessBase"]
[SourceDate "2016.04.26"]
[SourceVersion "1"]
[SourceVersionDate "2016.04.26"]
[SourceQuality "1"]

1. e4 c5 2. Nf3 Nc6 3. Bb5 Qc7 4. c3 a6 5. Ba4 b5 6. Bc2 d6 7. 0-0 Bg4 8. h3 Bxf3 9. Qxf3 e5 10. a4 b4 11. d3 g6 12. Nd2 Bg7 13. Nc4 a5 14. Bb3 Nf6 15. Bg5 Qd8 16. Ne3 h6 17. Bd5 Rc8 18. Bxf6 Qxf6 19. Qxf6 Bxf6 20. Nc4 Be7 21. Bxc6+ Rxc6 22. Nxa5 Rc8 23. cxb4 cxb4 24. Rfc1 0-0 25. Rc4 Rxc4 26. Nxc4 Rd8 27. a5 Ra8 28. a6 f6 29. Nb6 1-0

[Event "Reykjavik op"]
[Site "Reykjavik"]
[Date "2015.03.10"]
[Round "1"]
[White "Barthel, Ansgar"]
[Black "Halldorsson, Haukur"]
[Result "1-0"]
[WhiteElo "2230"]
[BlackElo "1575"]
[PlyCount "101"]
[EventDate "2015.03.10"]
[EventType "swiss"]
[EventRounds "10"]
[EventCountry "ISL"]
[SourceTitle "CBM 165 Extra"]
[Source "ChessBase"]
[SourceDate "2015.04.21"]
[SourceVersion "1"]
[SourceVersionDate "2015.04.21"]
[SourceQuality "1"]

1. e4 e5 2. Nf3 Nc6 3. Bc4 d6 4. c3 Be7 5. Qb3 Nh6 6. d4 0-0 7. Bxh6 gxh6 8. dxe5 Nxe5 9. Nxe5 dxe5 10. 0-0 c6 11. a4 Qc7 12. Nd2 Bg5 13. Nf3 b6 14. Rad1 Bg4 15. Rd3 Rad8 16. Nxg5 hxg5 17. Rg3 Bh5 18. Rxg5+ Bg6 19. Rg3 Kh8 20. Re1 Rd6 21. Rd3 Rxd3 22. Bxd3 Rd8 23. Re3 Qe7 24. h3 Rg8 25. Qc4 c5 26. Bf1 Rd8 27. Rd3 Rxd3 28. Qxd3 f6 29. Qd5 Bf7 30. Qc6 Kg7 31. Bb5 Qd8 32. Qd7 Qxd7 33. Bxd7 Bb3 34. f3 Kg6 35. Kf2 Kg5 36. g3 h5 37. h4+ Kh6 38. Ke3 Kg6 39. Be8+ Kh6 40. Kd2 Be6 41. b4 cxb4 42. cxb4 f5 43. exf5 Bxf5 44. a5 Bg6 45. Bxg6 Kxg6 46. axb6 axb6 47. Kd3 Kf5 48. Kc4 Ke6 49. Kb5 Kd7 50. Kxb6 Kc8 51. Kc6 1-0